Jusqu'où irez vous ? #11 (Culture Générale) - Statistiques

Statistiques générales
  • Ce quiz a été pris 217 fois
  • Le résultat moyen est 6 sur 33
Statistiques - réponses
Hint Réponse % Correct
Signifie « agréable, gentil » en anglais Nice
100%
Couleur rouge foncé Bordeaux
84%
Plus grande ville de la Louisiane, aux États-Unis : La Nouvelle-______ Orléans
58%
Anagramme de EMIRS Reims
58%
Embarrassantes, pénibles : Gé______ Nantes
50%
Format de disque vinyle destiné à l'origine aux disc-jockeys : Le maxi 45 ______ Tours
42%
Mammifères ruminants de la famille des Cervidés, de grandes tailles, aux bois aplatis et dentelés, vivant dans les régions froides de l'hémisphère nord Rennes
37%
Formes de jeux où les gains dépendent de l'issue d'une épreuve sportive, d'une course de chevaux Paris
34%
Chef des douze Apôtres, martyr, Premier pape selon l'Église catholique Saint Pierre
25%
Figurine de carton ou de bois plat et mince, dont on fait mouvoir les membres au moyen d'un fil Pantin
18%
Bâtons travaillés sur lesquels on s'appuie en marchant Cannes
12%
Ville distante, par route, de :
21 km de Sarrola-Carcopino 68 km de Propriano 80 km de Corte 80 km de Sartène 125 km de Porto-Vecchio 130 km de Bonifacio 141 km de L'Île-Rousse 149 km de Bastia 154 km de Calvi .
Ajaccio
11%
Personnes qui exposent leurs aisances matérielles et financières au travers de signes extérieurs de richesse tels que les voitures, les bijoux, ou encore démontre un goût prononcé pour le luxe et le snobisme Bourges
11%
Ville des Jeux olympiques d'hiver de 1968 Grenoble
11%
Signifie Sein en anglais si on place un A entre la 3e et la 4e lettre de la ville à trouver Brest
10%
Code Postal 17000 La Rochelle
8%
Jeunes sportifs dont la catégorie d'âge (13 à 15 ans) se situe entre les benjamins et les cadets : Mi______ Nimes
8%
La ville à trouver correspond quasiment au nom du premier acteur noir à remporter l'Oscar du meilleur acteur en 1964 (il faut mettre un S à la fin) Poitiers
8%
Surtout connue pour avoir été de 1941 à 1944 le site du camp d'internement, principal lieu de déportation des Juifs parisiens vers les camps d'extermination nazis, pour la majorité des convois vers Auschwitz Drancy
6%
Chanteuse et actrice américaine, fille aînée de Frank Sinatra Nancy
6%
Anagramme de PACSES Pessac
5%
Footballeur brésilien né en 2000 dont voici le début de carrière 2018-2020 São Paulo FC 52 (6) 2020-2022 Ajax Amsterdam 82 (24) 2022-2025 Manchester United 96 (12) 2025 → Real Betis 26 (9) 2025- Real Betis 34 (11) Antony
3%
Habité par les Albertivillariens et les Albertivillariennes Aubervilliers
3%
Footballeur défenseur international français avec 20 sélections entre 2008 et 2013 : Gaël ______ Clichy
3%
Entreprise italienne de vêtements de ski et verbe espagnol à l'infinitif qui signifie « combler » Colmar
3%
Pratiquant français d'arts martiaux mixtes (MMA) surnommé God of War : Benoît ______ Saint Denis
3%
La réponse est à trouver dans les moyens oc______ Troyes
3%
Anagramme de INVULNERABLE Villeurbanne
3%
Genre de plantes de la famille des Asparagacées : Dra______a Caen
2%
Dans l'Antiquité, elles étaient offertes en sacrifice aux déesses de l'amour, telles Astarté et Aphrodite Colombes
2%
Poème du Moyen Âge, composé de plusieurs strophes et terminé par un refrain : Rot______ge Rouen
1%
Nom vernaculaire donné en français à certains canards de surface de petite taille (Cannes n'est pas la réponse) Sarcelles
1%
En chimie, la ______ est le nombre (réel ou potentiel) de liaisons d'un atome Valence
1%
Aucun quiz correspondant
Distribution des résultats
% des personnes avec chaque résultat
Percentile par nombre de réponses
Votre historique - résultats
Vous n’avez pas pris ce quiz